Business data analysis using Excel (Record no. 249218)

MARC details
000 -LEADER
fixed length control field 00614nam a2200205Ia 4500
008 - FIXED-LENGTH DATA ELEMENTS--GENERAL INFORMATION
fixed length control field 191130s2007##################000#0#eng##
020 ## - INTERNATIONAL STANDARD BOOK NUMBER
ISBN 195691806
082 ## - DEWEY DECIMAL CLASSIFICATION NUMBER
Classification number 005.54 WHI
100 ## - MAIN ENTRY--AUTHOR NAME
Personal name Whigham, David
245 ## - TITLE STATEMENT
Title Business data analysis using Excel
Statement of responsibility, etc David Whigham
260 ## - PUBLICATION, DISTRIBUTION, ETC. (IMPRINT)
Place of publication Oxford
Name of publisher Oxford University Press
Year of publication 2007
300 ## - PHYSICAL DESCRIPTION
Number of Pages xiv, 293 p. : ill. ; 25 cm.
500 ## - GENERAL NOTE
General note Includes index
650 ## - SUBJECT ADDED ENTRY--TOPICAL TERM
Topical Term Business mathematics - Computer programs
Topical Term Microsoft Excel (Computer file)
991 ## -
-- 408286

No items available.

Find us on the map